书目信息 |
| 题名: |
咖啡实用工艺
|
|
| 作者: | 秦德兵 , 文晓利 主编 | |
| 分册: | ||
| 出版信息: | 北京 科学出版社 2012 |
|
| 页数: | 136页 | |
| 开本: | 26cm | |
| 丛书名: | ||
| 单 册: | ||
| 中图分类: | TS273 | |
| 科图分类: | ||
| 主题词: | 饮料--食品工业 , 冷冻食品--食品工业 | |
| 电子资源: | ||
| ISBN: | 7-03-032996-1 | |
| 000 | 00643nam0 2200217 450 | |
| 001 | 116 | |
| 005 | 20160906083039.64 | |
| 010 | @a7-03-032996-1@dCNY24.00 | |
| 100 | @a20160720d2012 km y0chiy0120 ea | |
| 101 | 0 | @achi |
| 102 | @aCN@b110000 | |
| 200 | 1 | @a咖啡实用工艺@Aka fei shi yong gong yi@f秦德兵,文晓利主编@Fqin de bing,wen xiao li zhu bian |
| 210 | @a北京@c科学出版社@d2012 | |
| 215 | @a136页@d26cm | |
| 606 | 0 | @a饮料@x食品工业 |
| 606 | 0 | @a冷冻食品@x食品工业 |
| 690 | @aTS273@v4 | |
| 701 | 0 | @a秦德兵@Aqin de bing@4主编 |
| 701 | 0 | @a文晓利@Awen xiao li@4主编 |
| 801 | 0 | @aCN@b唐山师范学院图书馆@c20160720 |
| 905 | @aZUCC@dTS273@e209 | |
| 咖啡实用工艺/秦德兵,文晓利主编.-北京:科学出版社,2012 |
| 136页;26cm |
| ISBN 7-03-032996-1:CNY24.00 |
| ● |
| 相关链接 |
|
|
|
|
正题名:咖啡实用工艺
索取号:TS273/209
 
预约/预借
| 序号 | 登录号 | 条形码 | 馆藏地/架位号 | 状态 | 备注 |
| 1 | 900480 | 209004806 | 第二样本阅览室/ [索取号:TS273/209] | 在馆 | |
| 2 | 900481 | 209004815 | 第三借阅区/ [索取号:TS273/209] | 在馆 | |
| 3 | 900482 | 209004824 | 第三借阅区/ [索取号:TS273/209] | 在馆 | |
| 4 | 900483 | 209004833 | 第三借阅区/ [索取号:TS273/209] | 在馆 | |
| 5 | 900484 | 209004842 | 第三借阅区/ [索取号:TS273/209] | 在馆 |